Entry Personal Name
Number of records used in: 3
001 - CONTROL NUMBER
003 - CONTROL NUMBER IDENTIFIER
005 - DATE AND TIME OF LATEST TRANSACTION
- control field:
20251120133149.0
008 - FIXED-LENGTH DATA ELEMENTS
- fixed length control field:
251120|| aca||aabn | a|a d
040 ## - CATALOGING SOURCE
- Original cataloging agency:
JRU
- Transcribing agency:
JRU
100 ## - HEADING--PERSONAL NAME
- Personal name:
CHOUHAN, MR. DEEPESH
670 ## - SOURCE DATA FOUND
- Source citation:
Work cat.: (JRU)8930: CHOUHAN, MR. DEEPESH, ALL-IN-ONE PRACTICAL BOOK FOR B. PHARMA COURSE FOR [1ST SEMESTER], 2025